000 00682nam a2200265Ia 4500
005 20260121170857.0
008 008 260114s9999 xx 000 0 eng d
020 _a9789811323485
037 _aEBOOK
040 _aCRL
040 _beng
040 _cCRL
041 _2eng
041 _aeng
084 _qCRL
100 _aShampa Chakraverty, Anil Goel, Sanjay Misra
_91069264
245 0 _aTowards Extensible and Adaptable Methods in Computing
260 _bSpringer
260 _bSpringer
260 _c2018
856 _uhttps://link.springer.com/openurl?genre=book&isbn=978-981-13-2348-5
942 _cEBOOK
999 _c1634994
_d1634994